000 00634nam a2200217Ia 4500
008 220204s9999 xx 000 0 und d
082 _bRRI;2
100 _aKuruvilla Jacob, C
245 0 _aGlobal competitiveness of Indian rubber plantation industry : Rubber planters conference, India 2002. Full texts
260 _aKottayam
_bRRII
_c2003
650 _aBee keeping
650 _aBiogas generation
650 _aCover crops
650 _aEffluent treatment
650 _aExploitation research
650 _aIntercropping
650 _aMedicinal plants
650 _aNatural rubber
650 _aRubberwood
942 _cBK
999 _c44588
_d44588